<?xml version="1.0" encoding="UTF-8"?>
<collection xmlns="http://www.loc.gov/MARC21/slim">
    <record>
        <controlfield tag="001">65947</controlfield>
        <controlfield tag="005">20180223094348.0</controlfield>
        <datafield tag="037" ind1=" " ind2=" ">
            <subfield code="a">GDOC-2016-25626</subfield>
        </datafield>
        <datafield tag="041" ind1=" " ind2=" ">
            <subfield code="a">spa</subfield>
        </datafield>
        <datafield tag="100" ind1=" " ind2=" ">
            <subfield code="0">(orcid)0000-0003-0292-3119</subfield>
            <subfield code="1">364915</subfield>
            <subfield code="a">Coarasa Liron de Robles, Ana Carmen Josefina</subfield>
        </datafield>
        <datafield tag="245" ind1="0" ind2="0">
            <subfield code="9">25626</subfield>
            <subfield code="a">Afecciones médico quirúrgicas II</subfield>
        </datafield>
        <datafield tag="260" ind1=" " ind2=" ">
            <subfield code="a">Zaragoza</subfield>
            <subfield code="b">Universidad de Zaragoza</subfield>
            <subfield code="c">2016-2017</subfield>
        </datafield>
        <datafield tag="520" ind1=" " ind2=" ">
            <subfield code="a">Breve presentación de la asignatura
Breve presentación de la asignatura
Esta asignatura es de carácter obligatorio y cuatrimestral. Su carga lectiva es de 6 ECTS, de los que 46 horas son teóricas (exposición teórica de conocimiento y disciplinas), 7 horas corresponden a seminarios, estudios de casos, el resto de créditos se dedican al trabajo grupal (preparación de trabajos, búsqueda de documentación) así como a tutorización, sesiones de trabajo no presenciales, estudio personal y evaluación.</subfield>
            <subfield code="b"> </subfield>
        </datafield>
        <datafield tag="521" ind1=" " ind2=" ">
            <subfield code="9">108</subfield>
            <subfield code="a">Fisioterapia</subfield>
        </datafield>
        <datafield tag="540" ind1=" " ind2=" ">
            <subfield code="a">by-nc-sa</subfield>
            <subfield code="b">Creative Commons</subfield>
            <subfield code="c">3.0</subfield>
            <subfield code="u">http://creativecommons.org/licenses/by-nc-sa/3.0/</subfield>
        </datafield>
        <datafield tag="830" ind1=" " ind2=" ">
            <subfield code="9">275</subfield>
        </datafield>
        <datafield tag="856" ind1="4" ind2=" ">
            <subfield code="s">18062</subfield>
            <subfield code="u">http://zaguan.unizar.es/record/65947/files/guia-25626-es.pdf</subfield>
            <subfield code="y">Guía (idioma español)</subfield>
        </datafield>
        <datafield tag="856" ind1="4" ind2=" ">
            <subfield code="s">8396</subfield>
            <subfield code="u">http://zaguan.unizar.es/record/65947/files/guia-25626-en.pdf</subfield>
            <subfield code="y">Guide (english)</subfield>
        </datafield>
        <datafield tag="970" ind1=" " ind2=" ">
            <subfield code="a">GDOC-2016-25626</subfield>
        </datafield>
        <datafield tag="980" ind1=" " ind2=" ">
            <subfield code="a">GDOC</subfield>
            <subfield code="b">Ciencias de la salud</subfield>
            <subfield code="c">127</subfield>
        </datafield>
    </record>

    
</collection>